| 000 | 00954cab a2200325 4500 | ||
|---|---|---|---|
| 001 | ABS51928 | ||
| 008 | 090401t1994 xxu||||| |||| 00| 0 eng d | ||
| 035 | _a(Sirsi) u51297 | ||
| 041 | _aeng | ||
| 245 | _aEstates Times feature: hotels and pubs | ||
| 260 | _c1994 | ||
| 350 | _a0 | ||
| 490 |
_aEstates Times _v(1261) 9 December 1994, 13-16(4) |
||
| 520 | _aDiscusses the market for hotels and pubs, highlighting investment, refurbishment, new development and valuation. | ||
| 650 | _aARBITRATION ISSUES | ||
| 650 | _aHOTEL DEVELOPMENT | ||
| 650 | _aHOTEL INDUSTRY | ||
| 650 | _aHOTEL MARKET | ||
| 650 | _aHOTEL RENTS | ||
| 650 | _aHOTELS | ||
| 650 | _aINVESTMENT MARKET | ||
| 650 | _aPUBLIC HOUSE MARKET | ||
| 650 | _aPUBLIC HOUSES | ||
| 650 | _aPUBS | ||
| 650 |
_aRefurbishment _96264 |
||
| 650 | _aVALUATION ISSUES | ||
| 690 | _aPROPERTY-COMMERCIAL PROPERTY-COMMERCIAL PROPERTY MARKET | ||
| 942 | _n0 | ||
| 948 | _c04/03/1997 | ||
| 999 |
_c31911 _d31911 |
||